000 00638nam a2200217 i 4500
001 C2-0254723
003 PPAK
005 20180727222448.0
008 040516s1990 my |||| ||||| | may d
040 _aPPAK
_beng
_cPPAK
_erda
082 0 4 _a297.5406595112
_223
090 0 0 _a297.5406595112
_bLAP
_dKK
245 0 0 _aLaporan tahunan zakat Kedah Darulaman
264 1 _a[Alor Setar, Kedah] :
_bJawatankuasa Zakat Negeri Kedah Darulaman ,
_c1990
300 _a65 pages ;
_c27 cm
336 _2rdacontent
_atext
337 _2rdamedia
_aunmediated
338 _2rdacarrier
_avolume
650 1 0 _aIslam - Cahrities - Kedah
942 _ddc
_cB
999 _c67371
_d67371